000 01783cam a2200265 4500500
005 20260222003201.0
041 _afre
042 _adc
100 1 0 _aVabre, Jean-Paul
_eauthor
245 0 0 _aFaire société
260 _c2006.
500 _a30
520 _aRésumé Notre société, dans son fonctionnement, ne rend plus visible les repères du vivre ensemble, ne rend plus perceptible ce qui fait sens commun. Certains comportements expriment l’adhésion caricaturée à des valeurs désormais dominantes de notre société : l’argent, l’apparence, la violence. Avoir, paraître, jouer des rapports de force sont devenus des objectifs centraux de nombre de nos contemporains. Dans cette phase de décomposition/recomposition des liens sociaux, quelle peut être la contribution du travail socio-éducatif d’un club de prévention ?
520 _aOur society, the way it works, does not make visible the reference marks of how to live together, does not make perceptible what makes the common sense. Certain behaviours express the caricatured adhesion to dominant values of our society : money, appearance, violence. To have, to appear, to play the relations of force have become central objectives of a number of our contemporaries. In this phase of decomposition/re-composition of the social bonds, what can be the contribution of the socio-educational work of a club of prevention?
690 _aautorité
690 _acadre
690 _acontinuité
690 _arepères
690 _aauthority
690 _acontinuity
690 _aframework
690 _areference marks
786 0 _nEmpan | 60 | 4 | 2006-02-23 | p. 116-122 | 1152-3336
856 4 1 _uhttps://shs.cairn.info/revue-empan-2005-4-page-116?lang=fr&redirect-ssocas=7080
999 _c1667130
_d1667130